Trendy daňovo-odvodovej politiky vo vybraných krajinách OECD

Prehľad vybraných daňovo-odvodových reforiem a zmien, ktoré je možné označiť za trendy v daňovo-odvodovej politike. Daňovo-odvodové reformy v Austrálii, na Novom Zélande, v Dánsku. Daňovo-odvodové zmeny v krajinách OECD v dôsledku globálnej krízy. Daňovo-odvodové zmeny v oblasti správy daní na Slove...

Full description

Saved in:
Bibliographic Details
Main Author: Repková, Denisa, 1983-
Format: Book Chapter
Language:Slovak
Subjects:
Tags: Add Tag
No Tags, Be the first to tag this record!

MARC

LEADER 00000nla$a2200000$$$4500
001 0132574
005 20240502072512.4
041 0 |a slo 
044 |a SK 
245 1 0 |a Trendy daňovo-odvodovej politiky vo vybraných krajinách OECD  |c Denisa Repková 
520 |a Prehľad vybraných daňovo-odvodových reforiem a zmien, ktoré je možné označiť za trendy v daňovo-odvodovej politike. Daňovo-odvodové reformy v Austrálii, na Novom Zélande, v Dánsku. Daňovo-odvodové zmeny v krajinách OECD v dôsledku globálnej krízy. Daňovo-odvodové zmeny v oblasti správy daní na Slovensku. 
610 2 0 |a politika daňová 
610 2 0 |a odvody 
610 2 0 |a reformy daňové 
610 2 0 |a OECD 
610 2 0 |a Slovensko 
100 1 |a Repková, Denisa, 1983-